000 01007nam a22002537a 4500
003 SISC
005 20180510150605.0
008 180510b xxu||||| |||| 00| 0 eng d
020 _a9788937463181
020 _a9788937460005
050 _aPL 992.62
_b.H87 2014
100 _aHur, Kyu
245 _aKorean drama line 2 = 한국 희곡선. 2 /
_cHur Kyu ... [et al.]
260 _aSeoul:
_bMinumsa,
_c2014.
300 _a640 pages;
_c23 cm.
440 _aThe world literature collection;
_vv. 317-318
505 _aContents: The - Not available / Lee Hyunhwa. -- Bike / Oh Tae Seok. -- Sylvian name / Jung Jong Geun. -- OGU. -- The form of death / Lee Yun - Taek. -- Searching for love. -- It was a little darkness in the hole of the wood. -- Yongwol Daily Diary / Yonggakbag
650 _2Library of Congress Subject Headings
_aKorean drama
_y20th century
700 _aLee, Yun-Taek
700 _aKim, Gwang-Rim
700 _aLee, Man-Hee
942 _2lcc
_cBK
999 _c356401
_d356401